75k+ US Cities On A Map - Statistics

General Stats
  • This quiz has been taken 1,124 times
  • The average score is 360 of 478
Answers on the Map
Answers color-coded by a green-red scale on the quiz's map according to % correct below.
 
Answer Stats
State Population City % Correct
Georgia 195,739 Columbus
94%
Ohio 878,553 Columbus
94%
Michigan 674,841 Detroit
94%
Mississippi 166,383 Jackson
94%
Tennessee 651,932 Memphis
94%
Florida 454,279 Miami
94%
New York 8,419,316 New York City
94%
Arizona 1,633,017 Phoenix
94%
Pennsylvania 302,205 Pittsburgh
94%
Utah 96,127 Sandy
94%
Alaska 293,531 Anchorage
93%
Texas 950,807 Austin
93%
New York 256,480 Buffalo
93%
Illinois 2,709,534 Chicago
93%
Texas 2,310,432 Houston
93%
Florida 890,467 Jacksonville
93%
Nevada 634,773 Las Vegas
93%
Kentucky 617,790 Louisville
93%
Louisiana 390,845 New Orleans
93%
Pennsylvania 1,579,075 Philadelphia
93%
Nevada 246,500 Reno
93%
Minnesota 115,557 Rochester
93%
New York 206,848 Rochester
93%
Texas 1,508,083 San Antonio
93%
California 874,961 San Francisco
93%
Arizona 541,482 Tucson
93%
New York 97,478 Albany
92%
New Mexico 559,374 Albuquerque
92%
Maryland 609,032 Baltimore
92%
Louisiana 224,149 Baton Rouge
92%
Montana 109,595 Billings
92%
Alabama 212,297 Birmingham
92%
Ohio 301,394 Cincinnati
92%
Ohio 385,282 Cleveland
92%
Texas 1,330,612 Dallas
92%
Iowa 215,636 Des Moines
92%
North Dakota 121,889 Fargo
92%
Texas 874,401 Fort Worth
92%
Hawaii 348,985 Honolulu
92%
Indiana 874,005 Indianapolis
92%
Wisconsin 594,548 Milwaukee
92%
Alabama 190,432 Mobile
92%
Tennessee 687,488 Nashville
92%
Nebraska 475,862 Omaha
92%
California 109,884 Richmond
92%
Virginia 226,622 Richmond
92%
California 1,409,573 San Diego
92%
Washington 217,353 Spokane
92%
Missouri 308,174 St Louis
92%
Minnesota 304,547 St Paul
92%
Florida 191,279 Tallahassee
92%
Oklahoma 402,324 Tulsa
92%
DC 692,683 Washington DC
92%
Kansas 389,877 Wichita
92%
Idaho 226,115 Boise
91%
North Carolina 857,425 Charlotte
91%
Colorado 464,871 Colorado Springs
91%
Missouri 121,230 Columbia
91%
South Carolina 133,273 Columbia
91%
Texas 679,813 El Paso
91%
Nebraska 283,839 Lincoln
91%
Wisconsin 254,977 Madison
91%
Alabama 196,219 Montgomery
91%
Oklahoma 643,692 Oklahoma City
91%
Florida 280,832 Orlando
91%
Oregon 169,259 Salem
91%
California 1,027,690 San Jose
91%
South Dakota 177,117 Sioux Falls
91%
New York 142,874 Syracuse
91%
Ohio 276,614 Toledo
91%
North Carolina 244,115 Winston-Salem
91%
Texas 395,477 Arlington
90%
Virginia 233,464 Arlington
90%
Texas 325,780 Corpus Christi
90%
Ohio 140,569 Dayton
90%
Oregon 168,302 Eugene
90%
California 525,010 Fresno
90%
Michigan 198,401 Grand Rapids
90%
Alabama 199,783 Huntsville
90%
Kansas 152,522 Kansas City
90%
Missouri 486,404 Kansas City
90%
Tennessee 186,173 Knoxville
90%
Michigan 117,159 Lansing
90%
Kentucky 320,601 Lexington
90%
Arkansas 197,958 Little Rock
90%
New Mexico 83,922 Santa Fe
90%
Florida 387,916 Tampa
90%
Virginia 450,201 Virginia Beach
90%
Texas 198,955 Amarillo
89%
Georgia 488,800 Atlanta
89%
Massachusetts 684,379 Boston
89%
Indiana 265,752 Fort Wayne
89%
North Carolina 291,303 Greensboro
89%
Georgia 145,403 Savannah
89%
Washington 724,305 Seattle
89%
Louisiana 192,035 Shreveport
89%
Ohio 198,051 Akron
88%
Texas 101,699 Allen
88%
Georgia 201,852 Augusta
88%
California 377,917 Bakersfield
88%
Tennessee 179,690 Chattanooga
88%
Minnesota 85,915 Duluth
88%
Pennsylvania 97,263 Erie
88%
Arkansas 85,166 Fayetteville
88%
North Carolina 210,432 Fayetteville
88%
Wisconsin 104,777 Green Bay
88%
Connecticut 123,088 Hartford
88%
Nevada 300,116 Henderson
88%
New Jersey 261,940 Jersey City
88%
Louisiana 126,666 Lafayette
88%
New Hampshire 112,109 Manchester
88%
New Jersey 281,054 Newark
88%
Nevada 241,369 North Las Vegas
88%
Oregon 645,291 Portland
88%
Illinois 115,888 Springfield
88%
Massachusetts 154,139 Springfield
88%
Missouri 167,051 Springfield
88%
Kansas 126,397 Topeka
88%
South Carolina 135,257 Charleston
87%
Colorado 165,609 Fort Collins
87%
Texas 259,151 Laredo
87%
California 466,776 Long Beach
87%
Texas 253,851 Lubbock
87%
Minnesota 420,324 Minneapolis
87%
Texas 135,858 Waco
87%
Texas 104,279 Wichita Falls
87%
Michigan 120,735 Ann Arbor
86%
Colorado 369,111 Aurora
86%
Illinois 199,927 Aurora
86%
Texas 182,271 Brownsville
86%
Florida 132,127 Gainesville
86%
Arizona 247,813 Glendale
86%
California 200,232 Glendale
86%
Arizona 499,720 Mesa
86%
North Carolina 464,485 Raleigh
86%
Iowa 82,531 Sioux City
86%
Washington 212,869 Tacoma
86%
New Jersey 83,412 Trenton
86%
Washington 180,556 Vancouver
86%
North Carolina 120,194 Wilmington
86%
New York 199,968 Yonkers
86%
Virginia 157,613 Alexandria
85%
Pennsylvania 120,915 Allentown
85%
Georgia 126,176 Athens
85%
Iowa 132,301 Cedar Rapids
85%
California 129,183 Concord
85%
North Carolina 91,980 Concord
85%
Florida 180,124 Fort Lauderdale
85%
New Mexico 102,102 Las Cruces
85%
Virginia 244,601 Norfolk
85%
Arizona 168,196 Peoria
85%
Illinois 113,532 Peoria
85%
California 500,930 Sacramento
85%
California 309,228 Stockton
85%
Florida 261,338 St. Petersburg
85%
Massachusetts 185,143 Worcester
85%
California 268,920 Chula Vista
84%
Michigan 96,559 Flint
84%
California 3,966,936 Los Angeles
84%
Connecticut 130,331 New Haven
84%
Washington 97,562 Spokane Valley
84%
Arizona 252,692 Chandler
83%
Colorado 705,576 Denver
83%
Indiana 118,588 Evansville
83%
Arizona 243,254 Gilbert
83%
California 159,028 Lancaster
83%
Texas 138,549 Midland
83%
Texas 119,702 Odessa
83%
Rhode Island 179,494 Providence
83%
California 216,089 San Bernardino
83%
Arizona 250,602 Scottsdale
83%
Alabama 99,390 Tuscaloosa
83%
Arizona 96,349 Yuma
83%
California 349,964 Anaheim
82%
Connecticut 145,639 Bridgeport
82%
Florida 183,942 Cape Coral
82%
Iowa 102,169 Davenport
82%
North Carolina 269,702 Durham
82%
California 235,740 Fremont
82%
Virginia 179,673 Newport News
82%
Illinois 147,070 Rockford
82%
California 332,794 Santa Ana
82%
California 213,411 Santa Clarita
82%
Oregon 93,917 Bend
81%
Tennessee 152,934 Clarksville
81%
Texas 177,020 Frisco
81%
Indiana 76,010 Gary
81%
California 200,259 Huntington Beach
81%
California 273,157 Irvine
81%
California 141,258 Pasadena
81%
Texas 153,350 Pasadena
81%
California 127,721 Santa Clara
81%
California 179,701 Santa Rosa
81%
Utah 84,500 St. George
81%
Florida 234,539 Hialeah
80%
Florida 152,511 Hollywood
80%
Washington 131,118 Kent
80%
Texas 145,686 Killeen
80%
Georgia 153,200 Macon
80%
Idaho 93,952 Nampa
80%
Illinois 147,501 Naperville
80%
California 425,097 Oakland
80%
Florida 189,396 Port St Lucie
80%
South Dakota 75,258 Rapid City
80%
Utah 197,756 Salt Lake City
80%
California 91,376 Santa Barbara
80%
California 106,224 Santa Maria
80%
Arizona 187,454 Tempe
80%
Texas 124,156 Abilene
79%
Oklahoma 108,496 Broken Arrow
79%
Virginia 239,982 Chesapeake
79%
Arkansas 87,743 Fort Smith
79%
Texas 238,418 Garland
79%
Texas 239,783 Irving
79%
California 80,292 Lakewood
79%
Colorado 155,146 Lakewood
79%
New Jersey 102,466 Lakewood Township
79%
Idaho 101,905 Meridian
79%
Florida 90,108 Miami Beach
79%
Utah 86,833 Ogden
79%
California 208,154 Oxnard
79%
New Jersey 145,710 Paterson
79%
California 91,577 Santa Monica
79%
Pennsylvania 77,054 Scranton
79%
Indiana 102,037 South Bend
79%
Nevada 100,589 Sparks
79%
Connecticut 129,309 Stamford
79%
North Carolina 91,560 Asheville
78%
Massachusetts 116,632 Cambridge
78%
North Carolina 166,268 Cary
78%
Texas 136,195 Denton
78%
Missouri 117,084 Independence
78%
Illinois 147,826 Joliet
78%
Louisiana 77,283 Lake Charles
78%
Florida 107,922 Lakeland
78%
Kansas 191,011 Overland Park
78%
Utah 116,403 Provo
78%
Pennsylvania 88,232 Reading
78%
New Mexico 96,210 Rio Rancho
78%
California 326,414 Riverside
78%
Arizona 135,450 Surprise
78%
Florida 109,767 West Palm Beach
78%
Texas 118,151 Beaumont
77%
Florida 115,159 Clearwater
77%
Texas 113,686 College Station
77%
Massachusetts 111,306 Lowell
77%
California 212,616 Modesto
77%
South Carolina 111,501 North Charleston
77%
Kansas 137,618 Olathe
77%
California 156,293 Palmdale
77%
Illinois 78,015 Bloomington
76%
Indiana 84,116 Bloomington
76%
Minnesota 85,332 Bloomington
76%
Colorado 106,392 Boulder
76%
New Jersey 128,333 Elizabeth
76%
Florida 79,927 Fort Myers
76%
Texas 192,565 Grand Prairie
76%
Texas 141,968 McAllen
76%
Florida 111,997 Palm Bay
76%
Colorado 110,841 Pueblo
76%
California 91,580 Redding
76%
Texas 104,789 Tyler
76%
Utah 136,009 West Valley City
76%
Washington 144,403 Bellevue
75%
Florida 111,363 Miami Gardens
75%
Oklahoma 122,837 Norman
75%
Texas 287,064 Plano
75%
California 121,485 Berkeley
74%
California 94,529 Chico
74%
Tennessee 136,366 Murfreesboro
74%
California 156,143 Salinas
74%
Texas 100,031 San Angelo
74%
California 104,333 San Mateo
74%
Florida 132,568 Coral Springs
73%
Illinois 112,653 Elgin
73%
California 151,300 Escondido
73%
Washington 109,766 Everett
73%
Florida 139,468 Miramar
73%
California 207,289 Moreno Valley
73%
California 176,760 Ontario
73%
Florida 170,072 Pembroke Pines
73%
Colorado 136,868 Thornton
73%
California 145,492 Torrance
73%
California 170,825 Elk Grove
72%
California 139,611 Fullerton
72%
North Carolina 91,921 Greenville
72%
Virginia 135,041 Hampton
72%
North Carolina 111,714 High Point
72%
Oregon 106,543 Hillsboro
72%
California 139,887 Orange
72%
Florida 110,062 Pompano Beach
72%
Massachusetts 94,207 Quincy
72%
California 176,379 Rancho Cucamonga
72%
Virginia 90,093 Suffolk
72%
California 132,104 Visalia
72%
Michigan 134,797 Warren
72%
Washington 80,134 Auburn
71%
Washington 88,764 Bellingham
71%
New Jersey 100,447 Edison
71%
Texas 182,055 McKinney
71%
California 105,304 Norwalk
71%
Connecticut 88,599 Norwalk
71%
Virginia 99,229 Roanoke
71%
Michigan 132,476 Sterling Heights
71%
Texas 118,709 Sugar Land
71%
Utah 114,138 West Jordan
71%
Washington 93,413 Yakima
71%
Colorado 118,746 Arvada
70%
California 103,703 Burbank
70%
California 210,759 Fontana
70%
Oregon 110,494 Gresham
70%
Missouri 97,275 Lee's Summit
70%
Massachusetts 95,239 New Bedford
70%
Minnesota 78,134 Plymouth
70%
California 152,209 Pomona
70%
Wisconsin 77,081 Racine
70%
Texas 124,434 Round Rock
70%
Connecticut 108,276 Waterbury
70%
Indiana 97,464 Carmel
69%
Texas 135,834 Carrollton
69%
California 109,160 Clovis
69%
Arizona 80,371 Goodyear
69%
Michigan 76,019 Kalamazoo
69%
Wisconsin 99,688 Kenosha
69%
California 175,622 Oceanside
69%
Utah 96,725 Orem
69%
California 109,910 Ventura
69%
California 91,137 Westminster
69%
Colorado 112,962 Westminster
69%
California 111,200 Antioch
68%
California 114,253 Carlsbad
68%
California 89,631 Chino
68%
California 166,972 Corona
68%
Rhode Island 81,254 Cranston
68%
California 173,258 Garden Grove
68%
Colorado 105,888 Greeley
68%
Kansas 96,369 Lawrence
68%
Massachusetts 79,942 Lawrence
68%
Virginia 95,097 Portsmouth
68%
California 96,803 Compton
67%
Michigan 94,701 Dearborn
67%
Indiana 90,332 Fishers
67%
Oregon 81,145 Medford
67%
New Hampshire 88,815 Nashua
67%
Washington 101,484 Renton
67%
Georgia 107,072 Sandy Springs
67%
California 127,873 Thousand Oaks
67%
California 92,079 Carson
66%
Florida 90,403 Deltona
66%
Arkansas 76,036 Jonesboro
66%
Texas 103,310 League City
66%
Texas 106,386 Lewisville
66%
New York 79,067 New Rochelle
66%
California 135,637 Roseville
66%
California 121,902 Victorville
66%
Florida 97,468 Boca Raton
65%
Massachusetts 95,594 Brockton
65%
Colorado 110,218 Centennial
65%
Tennessee 77,939 Franklin
65%
California 159,293 Hayward
65%
Oklahoma 94,017 Lawton
65%
Florida 81,468 Melbourne
65%
California 79,074 Napa
65%
Texas 122,078 Pearland
65%
Georgia 94,498 Roswell
65%
Missouri 75,913 St. Joseph
65%
California 121,267 Vallejo
65%
Michigan 75,702 Wyoming
65%
Oregon 97,861 Beaverton
64%
Illinois 87,636 Champaign
64%
Florida 104,399 Davie
64%
California 115,517 El Monte
64%
Washington 81,479 Kennewick
64%
California 85,694 Newport Beach
64%
Florida 85,933 Palm Coast
64%
Ohio 79,091 Parma
64%
California 125,842 Simi Valley
64%
California 152,770 Sunnyvale
64%
Rhode Island 80,993 Warwick
64%
California 103,186 El Cajon
63%
California 115,282 Fairfield
63%
Massachusetts 93,743 Lynn
63%
California 112,941 Murrieta
63%
Texas 79,438 New Braunfels
63%
Florida 94,060 Sunrise
63%
Michigan 91,920 Canton
62%
Texas 95,847 Edinburg
62%
Washington 96,526 Federal Way
62%
California 109,613 Inglewood
62%
Florida 84,130 Largo
62%
Texas 143,456 Mesquite
62%
Massachusetts 88,593 Newton
62%
California 95,355 San Marcos
62%
Illinois 87,297 Waukegan
62%
Minnesota 80,068 Brooklyn Park
61%
California 106,677 Daly City
61%
Connecticut 84,619 Danbury
61%
Massachusetts 89,388 Fall River
61%
Alabama 85,175 Hoover
61%
Texas 83,567 Mission
61%
Missouri 87,242 O'Fallon
61%
Arkansas 79,598 Springdale
61%
California 113,159 Costa Mesa
60%
Utah 76,197 Layton
60%
California 103,045 Rialto
60%
Texas 116,432 Richardson
60%
California 90,025 San Leandro
60%
Texas 84,358 Conroe
59%
California 85,784 Redwood City
59%
California 113,381 Temecula
59%
California 98,875 Vacaville
59%
California 100,686 Vista
59%
California 106,589 West Covina
59%
California 78,522 Alameda
58%
Illinois 75,482 Arlington Heights
58%
Texas 84,096 Bryan
58%
Florida 80,312 Deerfield Beach
58%
Oklahoma 92,009 Edmond
58%
California 94,203 Hesperia
58%
California 105,653 Jurupa Valley
58%
Michigan 94,249 Livonia
58%
Texas 81,653 Longview
58%
Virginia 80,569 Lynchburg
58%
South Carolina 86,982 Mt. Pleasant
58%
Michigan 83,989 Troy
58%
Florida 76,832 Boynton Beach
57%
California 80,701 Chino Hills
57%
California 112,322 Downey
57%
North Carolina 75,887 Gastonia
57%
Colorado 94,445 Longmont
57%
California 95,516 Mission Viejo
57%
New Jersey 92,325 Toms River
57%
California 90,675 Tracy
57%
New Jersey 100,089 Woodbridge Township
57%
Illinois 82,330 Cicero
56%
New Jersey 85,204 Clifton
56%
Colorado 76,972 Loveland
56%
California 82,662 Merced
56%
Texas 78,073 Pharr
56%
Michigan 81,214 Farmington Hills
55%
New Jersey 87,424 Hamilton Township
55%
California 89,469 Indio
55%
Florida 93,449 Plantation
55%
Georgia 76,115 Warner Robins
55%
Arizona 84,736 Avondale
54%
Texas 76,635 Baytown
54%
Michigan 100,406 Clinton Township
54%
California 78,159 Folsom
54%
Indiana 76,547 Hammond
54%
California 90,349 Menifee
54%
Massachusetts 80,906 Somerville
54%
California 75,648 San Ramon
53%
California 86,090 Whittier
53%
California 84,647 Alhambra
52%
Washington 89,438 Kirkland
52%
Georgia 96,283 South Fulton
52%
California 81,717 Pleasanton
51%
California 94,642 South Gate
51%
Pennsylvania 82,887 Upper Darby
51%
New Jersey 75,342 Brick
50%
Michigan 81,938 Westland
50%
California 82,489 Buena Park
49%
California 87,373 Citrus Heights
49%
California 77,290 Perris
49%
California 75,892 Baldwin Park
48%
California 84,542 Hemet
47%
California 79,129 Manteca
47%
California 77,195 Bellflower
46%
Michigan 89,230 Macomb
46%
California 79,517 Milpitas
46%
California 87,107 Hawthorne
45%
California 81,656 Mountain View
45%
California 79,863 Tustin
45%
California 76,596 Upland
45%
California 83,974 Lake Forest
44%
Texas 76,555 Flower Mound
42%
California 89,699 Livermore
42%
Georgia 83,999 Johns Creek
36%
No matching quizzes found
Score Distribution
Percent of People with Each Score
Percentile by Number Answered
Your Score History
You have not taken this quiz